Project management, planning and control (Record no. 105875)

MARC details
000 -LEADER
fixed length control field 01224cam a2200265 4500
001 - CONTROL NUMBER
control field ##L134986
008 - FIXED-LENGTH DATA ELEMENTS--GENERAL INFORMATION
fixed length control field 060915n2006 000 0 eng u
020 ## - INTERNATIONAL STANDARD BOOK NUMBER
International Standard Book Number 075066956X
-- 9780750669566
035 ## - SYSTEM CONTROL NUMBER
System control number (Sirsi) u134986
041 0# - LANGUAGE CODE
Language code of text/sound track or separate title eng
050 04 - LIBRARY OF CONGRESS CALL NUMBER
Classification number 658.404 $2 18
100 1# - MAIN ENTRY--PERSONAL NAME
Personal name Lester, Albert
245 00 - TITLE STATEMENT
Title Project management, planning and control
Remainder of title managing engineering, construction and manufacturing projects to PMI, APM and BSI standards
250 ## - EDITION STATEMENT
Edition statement 5th ed.
260 ## - PUBLICATION, DISTRIBUTION, ETC.
Place of publication, distribution, etc. Oxford
Name of publisher, distributor, etc. Elsevier
Date of publication, distribution, etc. 2006
300 ## - PHYSICAL DESCRIPTION
Extent xii, 435p.
Dimensions 25cm.
350 ## - PRICE (NR) (BK AM CF MU VM SE) [OBSOLETE]
Price 39.99
520 ## - SUMMARY, ETC.
Summary, etc. Provides detailed coverage of the core project management topics and principles for professionals in the construction, engineering and manufacturing sectors. Contains all theory and practice for the newly revised Project Management Institute and Association of Project Management qualification examinations and the latest version of BS 6079-1: 2002. Includes worked examples, online question and answer resources and a chapter on the Hornet Windmill computer program. Bibliography.
590 ## - LOCAL NOTE (RLIN)
Local note IKA311006
650 24 - SUBJECT ADDED ENTRY--TOPICAL TERM
Topical term or geographic name entry element BS 6079-1: 2002
651 #4 - SUBJECT ADDED ENTRY--GEOGRAPHIC NAME
Geographic name United Kingdom
Chronological subdivision
690 ## - LOCAL SUBJECT ADDED ENTRY--TOPICAL TERM (OCLC, RLIN)
Topical term or geographic name as entry element Project management
9 (RLIN) 6261
942 ## - ADDED ENTRY ELEMENTS (KOHA)
Suppress in OPAC 0
Holdings
Withdrawn status Lost status Source of classification or shelving scheme Damaged status Not for loan Home library Current library Shelving location Date acquired Cost, normal purchase price Total Checkouts Full call number Barcode Date last seen Date last checked out Copy number Cost, replacement price Price effective from Koha item type
    Dewey Decimal Classification     London London Books 24/10/2006 39.99 19 658.404 LES 30073397 06/08/2019 01/11/2009 1 39.99 06/08/2019 Book